UBT Library

The principle of relativity; (Record no. 41262)

000 -LEADER
fixed length control field 00743cam a22002171 4500
001 - CONTROL NUMBER
control field 7792515
005 - DATE AND TIME OF LATEST TRANSACTION
control field 20180130050809.0
008 - FIXED-LENGTH DATA ELEMENTS--GENERAL INFORMATION
fixed length control field 800328s1923 enka 000 0 eng
010 ## - LIBRARY OF CONGRESS CONTROL NUMBER
LC control number 24006191
035 ## - SYSTEM CONTROL NUMBER
System control number (OCoLC)6137599
040 ## - CATALOGING SOURCE
Original cataloging agency DLC
Transcribing agency UU
Modifying agency UU
-- OCoLC
-- DLC
041 1# - LANGUAGE CODE
Language code of text/sound track or separate title eng
042 ## - AUTHENTICATION CODE
Authentication code premarc
080 ## - UNIVERSAL DECIMAL CLASSIFICATION NUMBER
Universal Decimal Classification number 53 EIN
082 ## - DEWEY DECIMAL CLASSIFICATION NUMBER
Classification number 53 EIN
100 1# - Rafti
Rafti 43
101 ## - Shkurtesa
Shkurtesa FIZ
245 14 - TITLE STATEMENT
Title The principle of relativity;
Statement of responsibility, etc by H.A. Lorentz, A. Einstein, H. Minkowski and H. Weyl, with notes by A. Sommerfeld, tr. by W. Perrett and G.B. Jeffery, with seven diagrams.
906 ## - LOCAL DATA ELEMENT F, LDF (RLIN)
a 7
b cbc
c oclcrpl
d u
e ncip
f 19
g y-gencatlg
942 ## - ADDED ENTRY ELEMENTS (KOHA)
Source of classification or shelving scheme
Item type Books
Holdings
Withdrawn status Lost status Source of classification or shelving scheme Damaged status Not for loan Collection code Permanent location Current location Shelving location Date acquired Total Checkouts Full call number Barcode Date last seen Price effective from Koha item type
          Koleksioni i përgjithshem UBT - Lipjan UBT - Lipjan Koleksioni i përgjithshem 01/30/2018   53 EIN 002-2997052 01/30/2018 01/30/2018 Books
UBT Library © 2015-2024. All rights reserved University Education for Business and Technology